[Event "Buryatia-ch 3rd"]
[Site "Ulan-Ude"]
[Date "2015.01.09"]
[Round "9"]
[White "Angarov, Dmitriy"]
[Black "Dashibalov, Erdem"]
[Result "1/2-1/2"]
[WhiteElo "2117"]
[BlackElo "2355"]
[PlyCount "129"]
[EventDate "2015.01.05"]
[EventType "swiss"]
[EventRounds "9"]
[EventCountry "RUS"]
[SourceTitle "CBM 164 Extra"]
[Source "ChessBase"]
[SourceDate "2015.03.02"]
[SourceVersion "1"]
[SourceVersionDate "2015.03.02"]
[SourceQuality "1"]

1. e4 e5 2. Nf3 Nc6 3. Bc4 Bc5 4. d3 Nf6 5. 0-0 0-0 6. Nbd2 d6 7. c3 a6 8. Bb3 Ba7 9. Re1 Ng4 10. Re2 Kh8 11. h3 Nh6 12. Nf1 f5 13. exf5 Bxf5 14. Bd5 Qf6 15. Be3 Bd7 16. Ng3 Ng8 17. Bxa7 Rxa7 18. d4 exd4 19. Nxd4 Ne5 20. Qd2 Ne7 21. Be4 N7g6 22. Bf5 Bb5 23. Ne4 Qh4 24. Nxb5 axb5 25. Bxg6 Nxg6 26. Qg5 Qxg5 27. Nxg5 Nf4 28. Re3 Nd5 29. Rd3 Rf5 30. Nf3 Nf6 31. a3 Kg8 32. Re1 Kf7 33. Nd4 Rd5 34. Rde3 Ng8 35. Rf3+ Nf6 36. Rfe3 Ng8 37. Re8 b4 38. axb4 c5 39. bxc5 dxc5 40. Nf3 Ra2 41. c4 Rf5 42. R1e2 Rxb2 43. Rxb2 Kxe8 44. Rxb7 Ne7 45. Kf1 g5 46. Ke2 h5 47. Ke3 Nc6 48. Rg7 Rf4 49. Rxg5 Rxc4 50. Rxh5 Nb4 51. Ne1 Ke7 52. g4 Kd6 53. Rh6+ Kd5 54. Rh5+ Kd6 55. f3 Nd5+ 56. Kf2 Rd4 57. Rf5 c4 58. Ke2 Nf4+ 59. Ke3 Ne6 60. Ra5 Rd1 61. Nc2 Rd3+ 62. Ke4 Nc5+ 63. Kf4 Ne6+ 64. Ke4 Nc5+ 65. Kf4 1/2-1/2

[Event "Buryatia-ch 3rd"]
[Site "Ulan-Ude"]
[Date "2015.01.07"]
[Round "5"]
[White "Angarov, Dmitriy"]
[Black "Zhaltsanov, Igor"]
[Result "1-0"]
[WhiteElo "2117"]
[BlackElo "1941"]
[PlyCount "111"]
[EventDate "2015.01.05"]
[EventType "swiss"]
[EventRounds "9"]
[EventCountry "RUS"]
[SourceTitle "CBM 164 Extra"]
[Source "ChessBase"]
[SourceDate "2015.03.02"]
[SourceVersion "1"]
[SourceVersionDate "2015.03.02"]
[SourceQuality "1"]

1. e4 e5 2. Nf3 Nf6 3. Nxe5 d6 4. Nf3 Nxe4 5. Nc3 Nxc3 6. dxc3 Nc6 7. Bd3 Be7 8. Bf4 Be6 9. Qd2 h6 10. h4 a6 11. 0-0-0 Qd7 12. Kb1 0-0-0 13. Qe3 Bf6 14. Nd2 Kb8 15. Nb3 Rhe8 16. Qd2 Re7 17. f3 Bf5 18. Bxf5 Qxf5 19. g4 Qb5 20. g5 Re2 21. Qd3 Qxd3 22. Rxd3 Be5 23. Bc1 hxg5 24. hxg5 Bg3 25. f4 Bf2 26. Rh7 Rg8 27. Bd2 Be1 28. Bc1 Bf2 29. Rf3 Bb6 30. Rfh3 Ne7 31. Rh8 Rc8 32. Nd2 Nf5 33. Nc4 Ba7 34. b3 g6 35. R8h7 Rf8 36. Rh2 Rxh2 37. Rxh2 Kc8 38. Nd2 Be3 39. Ne4 Kd7 40. Nf6+ Kc6 41. Bxe3 Nxe3 42. c4 Nf5 43. Kb2 Nd4 44. Kc3 Ne6 45. Rh4 a5 46. a4 Nc5 47. Kd4 Nd7 48. Nd5 Nb6 49. Nf6 Nd7 50. Nd5 Nb6 51. Ne3 f6 52. Rh6 fxg5 53. fxg5 Rg8 54. Rh7 Nc8 55. Nd5 Re8 56. Rxc7# 1-0

[Event "Novokuznetsk SFO-ch U19"]
[Site "Novokuznetsk"]
[Date "2014.11.10"]
[Round "9"]
[White "Lazarev, Vladislav"]
[Black "Angarov, Dmitriy"]
[Result "1-0"]
[WhiteElo "2117"]
[BlackElo "2081"]
[PlyCount "107"]
[EventDate "2014.11.02"]
[EventType "swiss"]
[EventRounds "9"]
[EventCountry "RUS"]
[SourceTitle "CBM 163 Extra"]
[Source "ChessBase"]
[SourceDate "2014.12.23"]
[SourceVersion "1"]
[SourceVersionDate "2014.12.23"]
[SourceQuality "1"]

1. d4 Nf6 2. c4 e6 3. Nf3 Bb4+ 4. Bd2 Bxd2+ 5. Qxd2 d6 6. Nc3 Nc6 7. e4 0-0 8. Be2 e5 9. d5 Ne7 10. 0-0 Nd7 11. b4 f5 12. Ng5 Nf6 13. exf5 Bxf5 14. Bd3 Qd7 15. Bxf5 Nxf5 16. Ne6 Rf7 17. f4 exf4 18. Rxf4 Ne7 19. Raf1 Ng6 20. Rf5 c6 21. Qg5 Qe7 22. h4 cxd5 23. cxd5 Kh8 24. h5 Nf8 25. h6 gxh6 26. Rxf6 Nxe6 27. Qxh6 Rxf6 28. Qxf6+ Qxf6 29. Rxf6 Ng5 30. Rxd6 Rc8 31. Ne2 Rc2 32. Nd4 Rxa2 33. Nf5 Kg8 34. Rd7 Kf8 35. Rxb7 Rd2 36. d6 Rd5 37. Rxa7 Rxf5 38. Ra8+ Kf7 39. d7 Ne6 40. d8Q Nxd8 41. Rxd8 Ke6 42. Rd4 Ke5 43. Rc4 Rf7 44. b5 Rb7 45. Rh4 Kd5 46. Rh5+ Kc4 47. Kh2 Rxb5 48. Rxh7 Rb3 49. Rd7 Kc5 50. g3 Kc6 51. Rd4 Kc5 52. Rd8 Kc6 53. Kh3 Kc7 54. Rd4 1-0

[Event "Novokuznetsk SFO-ch U19"]
[Site "Novokuznetsk"]
[Date "2014.11.09"]
[Round "8"]
[White "Angarov, Dmitriy"]
[Black "Kamrukov, Alexey"]
[Result "1-0"]
[WhiteElo "2081"]
[BlackElo "2321"]
[PlyCount "118"]
[EventDate "2014.11.02"]
[EventType "swiss"]
[EventRounds "9"]
[EventCountry "RUS"]
[SourceTitle "CBM 163 Extra"]
[Source "ChessBase"]
[SourceDate "2014.12.23"]
[SourceVersion "1"]
[SourceVersionDate "2014.12.23"]
[SourceQuality "1"]

1. e4 c5 2. Nf3 Nc6 3. d4 cxd4 4. Nxd4 e6 5. Nc3 Qc7 6. Be3 a6 7. Qd2 Nf6 8. f3 Be7 9. 0-0-0 0-0 10. g4 b5 11. g5 Nh5 12. Bd3 Bb7 13. Nce2 Nxd4 14. Nxd4 Bc5 15. Kb1 d5 16. e5 Qxe5 17. f4 Nxf4 18. Bxf4 Qxd4 19. Rhf1 Ba7 20. Qe2 Qc5 21. Rf3 g6 22. Be5 Bb8 23. Bf6 Bd6 24. Rh3 Be7 25. Qg4 Bxf6 26. gxf6 Rfc8 27. Rxh7 Kxh7 28. Qh5+ Kg8 29. Bxg6 fxg6 30. Qxg6+ Kf8 31. Qg7+ Ke8 32. f7+ Kd8 33. f8Q+ Qxf8 34. Qxf8+ Kc7 35. Qe7+ Kb6 36. Qxe6+ Bc6 37. Qe3+ Kb7 38. b3 Rc7 39. h4 Rh8 40. Qd4 Rh6 41. Rg1 Rhh7 42. Rg5 Be8 43. Qxd5+ Bc6 44. Qd4 Rhd7 45. Qg4 Re7 46. Kb2 Be4 47. c3 Rcd7 48. Qf4 Bc6 49. Re5 Rf7 50. Rf5 Rfe7 51. Qf2 Rg7 52. Rg5 Rgf7 53. Qh2 a5 54. h5 Rde7 55. h6 Ka8 56. Rg6 Kb7 57. a4 bxa4 58. bxa4 Rc7 59. Qe5 Bxa4 1-0

[Event "Novokuznetsk SFO-ch U19"]
[Site "Novokuznetsk"]
[Date "2014.11.04"]
[Round "3"]
[White "Slizunkov, Dmitry"]
[Black "Angarov, Dmitriy"]
[Result "0-1"]
[WhiteElo "2033"]
[BlackElo "2081"]
[PlyCount "68"]
[EventDate "2014.11.02"]
[EventType "swiss"]
[EventRounds "9"]
[EventCountry "RUS"]
[SourceTitle "CBM 163 Extra"]
[Source "ChessBase"]
[SourceDate "2014.12.23"]
[SourceVersion "1"]
[SourceVersionDate "2014.12.23"]
[SourceQuality "1"]

1. e4 c5 2. Nc3 Nc6 3. f4 g6 4. Nf3 Bg7 5. Bb5 d6 6. 0-0 a6 7. Bxc6+ bxc6 8. d3 Rb8 9. Qe1 e6 10. f5 e5 11. Rb1 Ne7 12. Qh4 gxf5 13. Qh5 0-0 14. Ng5 h6 15. exf5 Bxf5 16. Nge4 Bg6 17. Qh3 f5 18. Ng3 f4 19. Nh5 Bh8 20. Ne4 Rf5 21. g4 Rf8 22. g5 hxg5 23. Qe6+ Rf7 24. Qg4 Nf5 25. Kh1 Rh7 26. Nxf4 exf4 27. Bxf4 Nh6 28. Qe6+ Bf7 29. Qxd6 gxf4 30. Rg1+ Bg7 31. Qxf4 Bd5 32. Rg6 Qf8 33. Qg3 Nf5 34. Qg5 Nh4 0-1

[Event "Buryatia-ch"]
[Site "Russia"]
[Date "2014.10.03"]
[Round "8"]
[White "Dashiev, Kim"]
[Black "Angarov, Dmitriy"]
[Result "1/2-1/2"]
[WhiteElo "2059"]
[BlackElo "2032"]
[PlyCount "95"]
[EventDate "2014.09.27"]
[EventType "swiss"]
[EventRounds "9"]
[EventCountry "RUS"]
[SourceTitle "EXT 2015"]
[Source "ChessBase"]
[SourceDate "2014.11.20"]
[SourceVersion "1"]
[SourceVersionDate "2014.11.20"]
[SourceQuality "1"]

1. Nf3 c5 2. c4 g6 3. e3 Bg7 4. d4 cxd4 5. exd4 d5 6. Nc3 Nf6 7. Be2 0-0 8. 0-0 Nc6 9. h3 Be6 10. c5 Ne4 11. Bb5 Qa5 12. Bxc6 Nxc3 13. bxc3 bxc6 14. Bf4 Bf5 15. Re1 Rfe8 16. Qb3 Qa6 17. Re3 Rad8 18. Qd1 f6 19. g4 Be4 20. g5 Qc8 21. Nd2 e5 22. dxe5 fxe5 23. Bh2 Bf5 24. Qf1 d4 25. cxd4 exd4 26. Rxe8+ Rxe8 27. h4 d3 28. Re1 Bc3 29. Rxe8+ Qxe8 30. Qc1 Bh3 31. Bf4 Bxd2 32. Qxd2 Qe4 33. f3 Qxf3 34. Qf2 Qd1+ 35. Kh2 Be6 36. Bd6 Qe2 37. Kg1 Qxf2+ 38. Kxf2 Bxa2 39. Ke3 Bc4 40. Bc7 Kf7 41. Ba5 Ke6 42. Kd4 Bb5 43. Ke4 Ba4 44. Kxd3 Kd5 45. Bb4 a5 46. Bxa5 Kxc5 47. Be1 Kd5 48. Kc3 1/2-1/2

[Event "Buryatia-ch"]
[Site "Russia"]
[Date "2014.10.02"]
[Round "7"]
[White "Angarov, Dmitriy"]
[Black "Badmatsyrenov, Oleg"]
[Result "0-1"]
[WhiteElo "2032"]
[BlackElo "2480"]
[PlyCount "68"]
[EventDate "2014.09.27"]
[EventType "swiss"]
[EventRounds "9"]
[EventCountry "RUS"]
[SourceTitle "EXT 2015"]
[Source "ChessBase"]
[SourceDate "2014.11.20"]
[SourceVersion "1"]
[SourceVersionDate "2014.11.20"]
[SourceQuality "1"]

1. e4 e5 2. Nf3 Nc6 3. Bc4 Nf6 4. d3 Be7 5. 0-0 d6 6. a4 h6 7. Re1 g5 8. c3 g4 9. Nfd2 Be6 10. a5 a6 11. Nf1 d5 12. exd5 Nxd5 13. Nbd2 Qd7 14. Ne3 h5 15. Ndf1 0-0-0 16. Nxd5 Bxd5 17. Qe2 f5 18. Ne3 Bg8 19. b4 f4 20. Nf1 f3 21. Qe3 fxg2 22. Ng3 h4 23. Ne4 Bxc4 24. dxc4 g3 25. b5 Rdg8 26. Kxg2 gxf2+ 27. Kxf2 Qg4 28. Rf1 Rf8+ 29. Ke1 Rxf1+ 30. Kxf1 Qd1+ 31. Qe1 Rf8+ 32. Nf2 Qd3+ 33. Qe2 Qh3+ 34. Ke1 Qxc3+ 0-1

[Event "Ulan-Ude Bajkal op 11th"]
[Site "Ulan-Ude"]
[Date "2014.07.27"]
[Round "5"]
[White "Angarov, Dmitriy"]
[Black "Tsydypov, Zhamsaran"]
[Result "0-1"]
[WhiteElo "1972"]
[BlackElo "2401"]
[PlyCount "76"]
[EventDate "2014.07.20"]
[EventType "swiss"]
[EventRounds "9"]
[EventCountry "RUS"]
[SourceTitle "EXT 2015"]
[Source "ChessBase"]
[SourceDate "2014.11.20"]
[SourceVersion "1"]
[SourceVersionDate "2014.11.20"]
[SourceQuality "1"]

1. e4 c6 2. d4 d5 3. e5 Bf5 4. h4 h5 5. c4 e6 6. Nc3 dxc4 7. Bxc4 Nd7 8. Nge2 Nb6 9. Bb3 Ne7 10. Bg5 Qd7 11. Qd2 Ned5 12. Ng3 Bg6 13. 0-0 Bb4 14. a3 Ba5 15. Ba2 Na4 16. Nge2 0-0 17. Rac1 Naxc3 18. bxc3 Rac8 19. Qd1 b5 20. c4 bxc4 21. Bxc4 Bb6 22. Qb3 Bf5 23. Rfd1 Bg4 24. f3 Bf5 25. Ng3 Bg6 26. Ne4 Rb8 27. Qa4 Ne7 28. Nc5 Qe8 29. Ba2 Nf5 30. Bb1 f6 31. exf6 gxf6 32. Bf4 Rd8 33. Qc4 Rd5 34. Be4 e5 35. Bxd5+ cxd5 36. Qxd5+ Bf7 37. Qe4 Nd6 38. Qc2 exf4 0-1

[Event "Ulan-Ude Bajkal op 11th"]
[Site "Ulan-Ude"]
[Date "2014.07.26"]
[Round "4"]
[White "Dashiev, Kim"]
[Black "Angarov, Dmitriy"]
[Result "0-1"]
[WhiteElo "2082"]
[BlackElo "1972"]
[PlyCount "44"]
[EventDate "2014.07.20"]
[EventType "swiss"]
[EventRounds "9"]
[EventCountry "RUS"]
[SourceTitle "EXT 2015"]
[Source "ChessBase"]
[SourceDate "2014.11.20"]
[SourceVersion "1"]
[SourceVersionDate "2014.11.20"]
[SourceQuality "1"]

1. Nf3 c5 2. c4 g6 3. g3 Bg7 4. Bg2 Nc6 5. 0-0 e6 6. Nc3 Nge7 7. d3 0-0 8. Rb1 d5 9. a3 b6 10. Qc2 Bb7 11. Rd1 Rc8 12. b3 Qd7 13. e3 d4 14. exd4 cxd4 15. Ne2 Nf5 16. b4 e5 17. b5 Nce7 18. a4 Nd6 19. Nd2 Bxg2 20. Kxg2 Nb7 21. Ba3 Nc5 22. Bxc5 bxc5 0-1

[Event "Ulan-Ude Buryatia-ch"]
[Site "Ulan-Ude"]
[Date "2013.08.24"]
[Round "4"]
[White "Angarov, Dmitriy"]
[Black "Dorzhieva, Seseg"]
[Result "1-0"]
[WhiteElo "1983"]
[BlackElo "1745"]
[PlyCount "47"]
[EventDate "2013.08.22"]
[EventType "swiss"]
[EventRounds "9"]
[EventCountry "RUS"]
[SourceTitle "CBM 156 Extra"]
[Source "ChessBase"]
[SourceDate "2013.10.22"]
[SourceVersion "1"]
[SourceVersionDate "2013.10.22"]
[SourceQuality "1"]

1. e4 c5 2. Nf3 e6 3. d4 cxd4 4. Nxd4 a6 5. c4 Nf6 6. Nc3 Qc7 7. a3 Be7 8. Be2 0-0 9. 0-0 Nc6 10. Be3 d6 11. f3 Ne5 12. Rc1 Ng6 13. b4 Bd7 14. Qd2 Rad8 15. Kh1 Ne5 16. Rfd1 Nc6 17. Nd5 Qb8 18. Nxc6 bxc6 19. Nxe7+ Kh8 20. Qxd6 Rfe8 21. Qxb8 Rxb8 22. e5 Rxe7 23. exf6 gxf6 24. Bc5 1-0

[Event "Ulan-Ude Bajkal op 9th"]
[Site "Ulan-Ude"]
[Date "2013.07.06"]
[Round "8"]
[White "Angarov, Dmitriy"]
[Black "Irinchinov, Vladimir"]
[Result "1-0"]
[WhiteElo "1975"]
[BlackElo "2018"]
[PlyCount "75"]
[EventDate "2013.07.01"]
[EventType "swiss"]
[EventRounds "9"]
[EventCountry "RUS"]
[SourceTitle "EXT 2014"]
[Source "ChessBase"]
[SourceDate "2013.11.20"]
[SourceVersion "1"]
[SourceVersionDate "2013.11.20"]
[SourceQuality "1"]

1. e4 e5 2. Nf3 Nc6 3. Bc4 Nf6 4. Ng5 d5 5. exd5 Nd4 6. c3 b5 7. Bf1 Nxd5 8. cxd4 Qxg5 9. Bxb5+ Bd7 10. Bxd7+ Kxd7 11. 0-0 Bd6 12. d3 Qf5 13. Nc3 exd4 14. Qa4+ c6 15. Qxd4 Qe5 16. Qxe5 Bxe5 17. Bd2 Rab8 18. Rab1 Bxc3 19. bxc3 c5 20. c4 Nc7 21. Bf4 Rb6 22. Be3 Ne6 23. Rb5 Rhb8 24. Ra5 Kc6 25. Rxa7 R8b7 26. Ra3 Rb2 27. g3 Re2 28. Ra6+ Kd7 29. Rd1 Rbb2 30. Ra7+ Ke8 31. a4 f5 32. h4 h6 33. h5 f4 34. gxf4 Nxf4 35. Bxf4 Rxf2 36. Re1+ Kf8 37. Bd6+ Kg8 38. Rxg7+ 1-0

[Event "Ulan-Ude Bajkal op 9th"]
[Site "Ulan-Ude"]
[Date "2013.07.03"]
[Round "3"]
[White "Angarov, Dmitriy"]
[Black "Grekhneva, Alena"]
[Result "1-0"]
[WhiteElo "1975"]
[BlackElo "1699"]
[PlyCount "31"]
[EventDate "2013.07.01"]
[EventType "swiss"]
[EventRounds "9"]
[EventCountry "RUS"]
[SourceTitle "EXT 2014"]
[Source "ChessBase"]
[SourceDate "2013.11.20"]
[SourceVersion "1"]
[SourceVersionDate "2013.11.20"]
[SourceQuality "1"]

1. e4 c5 2. Nf3 e6 3. d4 cxd4 4. Nxd4 Nf6 5. Nc3 Bb4 6. e5 Nd5 7. Bd2 Nxc3 8. bxc3 Ba5 9. Qg4 g6 10. Bd3 Qc7 11. 0-0 Qxe5 12. Nb5 0-0 13. Bh6 Re8 14. Rfe1 Qc5 15. Qh4 a6 16. Qf6 1-0

[Event "Ulan-Ude Bajkal op 9th"]
[Site "Ulan-Ude"]
[Date "2013.07.02"]
[Round "1"]
[White "Angarov, Dmitriy"]
[Black "Munkhbayar, Gijir"]
[Result "0-1"]
[WhiteElo "1975"]
[BlackElo "1923"]
[PlyCount "80"]
[EventDate "2013.07.01"]
[EventType "swiss"]
[EventRounds "9"]
[EventCountry "RUS"]
[SourceTitle "EXT 2014"]
[Source "ChessBase"]
[SourceDate "2013.11.20"]
[SourceVersion "1"]
[SourceVersionDate "2013.11.20"]
[SourceQuality "1"]

1. e4 c5 2. Nf3 d6 3. d4 cxd4 4. Nxd4 Nf6 5. Nc3 g6 6. Be2 Bg7 7. 0-0 Nc6 8. Nb3 0-0 9. Re1 Be6 10. Bf1 Rc8 11. Bg5 Ne5 12. Nd5 Bxd5 13. exd5 h6 14. Bh4 Nc4 15. Bxc4 Rxc4 16. Bg3 b5 17. c3 Qd7 18. Qd3 Rfc8 19. a3 Qc7 20. f3 Nh5 21. Bf2 Nf4 22. Qd1 Qd7 23. Na5 R4c7 24. Be3 Qf5 25. Bxf4 Qxf4 26. Re4 Qf5 27. Qb3 a6 28. a4 Bf6 29. axb5 axb5 30. Rb4 Qd3 31. Qd1 Qe3+ 32. Kh1 Rc5 33. Nb3 Rc4 34. Rxb5 Rh4 35. g3 Rh5 36. Kg2 Re5 37. Nd4 Rc4 38. Nc6 Rf5 39. Qf1 Rc5 40. Rxc5 dxc5 0-1

[Event "Buryatia-ch"]
[Site "Ulan-Ude"]
[Date "2013.01.07"]
[Round "8"]
[White "Bayanbaigal, Rencendagva"]
[Black "Angarov, Dmitriy"]
[Result "1-0"]
[WhiteElo "2154"]
[BlackElo "1933"]
[PlyCount "63"]
[EventDate "2013.01.02"]
[EventType "swiss"]
[EventRounds "9"]
[EventCountry "RUS"]
[SourceTitle "CBM 152 Extra"]
[Source "ChessBase"]
[SourceDate "2013.02.25"]
[SourceVersion "1"]
[SourceVersionDate "2013.02.25"]
[SourceQuality "1"]

1. e4 c5 2. Nc3 Nc6 3. g3 g6 4. Bg2 Bg7 5. Nge2 d6 6. d3 Nf6 7. 0-0 0-0 8. h3 Ne8 9. g4 Nc7 10. Be3 Nd4 11. Qd2 f5 12. gxf5 gxf5 13. Bh6 Bxh6 14. Qxh6 Nxc2 15. Rac1 Nb4 16. Rcd1 Rf6 17. Qh4 Nc6 18. Kh1 Kh8 19. Ng3 Nd4 20. exf5 Nxf5 21. Nxf5 Bxf5 22. d4 c4 23. d5 Bd3 24. Be4 Bxe4+ 25. Nxe4 Rg6 26. Rg1 Rxg1+ 27. Rxg1 Nxd5 28. Qg5 Qf8 29. Qxd5 Qf3+ 30. Kh2 Rf8 31. Rg3 Qf5 32. Rg8+ 1-0

[Event "Buryatia-ch"]
[Site "Ulan-Ude"]
[Date "2013.01.05"]
[Round "6"]
[White "Angarov, Dmitriy"]
[Black "Enkhtuul, Altanulzii"]
[Result "0-1"]
[WhiteElo "1933"]
[BlackElo "2036"]
[PlyCount "210"]
[EventDate "2013.01.02"]
[EventType "swiss"]
[EventRounds "9"]
[EventCountry "RUS"]
[SourceTitle "CBM 152 Extra"]
[Source "ChessBase"]
[SourceDate "2013.02.25"]
[SourceVersion "1"]
[SourceVersionDate "2013.02.25"]
[SourceQuality "1"]

1. e4 Nf6 2. e5 Nd5 3. c4 Nb6 4. d4 d6 5. exd6 exd6 6. Nf3 Be7 7. Be2 0-0 8. 0-0 Bf6 9. Nc3 Nc6 10. Be3 Bg4 11. b3 Re8 12. Rc1 d5 13. Re1 dxc4 14. bxc4 Bxf3 15. Bxf3 Nxd4 16. Bxb7 Rb8 17. Bd5 Nf5 18. Bf4 Rxe1+ 19. Qxe1 Bxc3 20. Rxc3 Nxd5 21. cxd5 Qxd5 22. Bxc7 Rf8 23. a3 h6 24. h3 Nh4 25. Rg3 Ng6 26. Qe3 Qb7 27. Bd6 Rd8 28. Bb4 Rd1+ 29. Kh2 Qc7 30. Qc5 Qb8 31. Qc2 Rd5 32. Kh1 Qe5 33. Re3 Qh5 34. Rd3 Nf4 35. Rxd5 Qxd5 36. Qc8+ Kh7 37. Qg4 Nd3 38. Kg1 f5 39. Qg3 f4 40. Qg4 Nxb4 41. axb4 Qe4 42. b5 Qb1+ 43. Kh2 Qxb5 44. Qxf4 Qd5 45. Qa4 Qe5+ 46. f4 Qc5 47. Qe4+ Kg8 48. Qe8+ Qf8 49. Qe5 Qd8 50. g4 a5 51. Qe6+ Kh8 52. Qe4 Qd2+ 53. Kg3 Qc3+ 54. Kh4 Qb4 55. Qe8+ Kh7 56. Qe5 a4 57. Qf5+ Kg8 58. Kh5 Qf8 59. Qe4 a3 60. g5 a2 61. Qa4 g6+ 62. Kg4 Qf5+ 63. Kg3 Qd3+ 64. Kh4 hxg5+ 65. fxg5 Qe2 66. Qa8+ Kf7 67. Qd5+ Ke7 68. Qc5+ Kf7 69. Qd5+ Qe6 70. Qb7+ Kg8 71. Qb8+ Kg7 72. Qb2+ Kf7 73. Qb7+ Ke8 74. Qb8+ Kd7 75. Qb7+ Kd6 76. Qb4+ Kc6 77. Qa4+ Kb7 78. Qb5+ Kc7 79. Qa5+ Kb7 80. Qb5+ Ka7 81. Qa5+ Qa6 82. Qc7+ Ka8 83. Qd8+ Kb7 84. Qd7+ Kb6 85. Qd6+ Ka5 86. Qa3+ Kb5 87. Qd3+ Kb6 88. Qd6+ Kb7 89. Qd5+ Kc8 90. Qc5+ Kd7 91. Qd5+ Qd6 92. Qb7+ Ke6 93. Qe4+ Qe5 94. Qxg6+ Kd5 95. Qg8+ Qe6 96. Qa8+ Kd4 97. Qa7+ Kc3 98. g6 Qe1+ 99. Kh5 a1Q 100. Qc5+ Kd3 101. Qb5+ Ke3 102. Qg5+ Kd4 103. Qg4+ Qe4 104. g7 Qxg4+ 105. hxg4 Qa8 0-1

[Event "Buryatia-ch"]
[Site "Ulan-Ude"]
[Date "2013.01.05"]
[Round "5"]
[White "Snetkov, Ivan"]
[Black "Angarov, Dmitriy"]
[Result "1/2-1/2"]
[WhiteElo "1907"]
[BlackElo "1933"]
[PlyCount "78"]
[EventDate "2013.01.02"]
[EventType "swiss"]
[EventRounds "9"]
[EventCountry "RUS"]
[SourceTitle "CBM 152 Extra"]
[Source "ChessBase"]
[SourceDate "2013.02.25"]
[SourceVersion "1"]
[SourceVersionDate "2013.02.25"]
[SourceQuality "1"]

1. e4 c5 2. Nf3 Nc6 3. d4 cxd4 4. Nxd4 e5 5. Nb5 d6 6. N1c3 a6 7. Na3 Be6 8. Nc4 b5 9. Ne3 Nf6 10. g3 Be7 11. Bg2 0-0 12. 0-0 Nd4 13. Ncd5 Nxd5 14. Nxd5 Bxd5 15. exd5 b4 16. Bd2 Rc8 17. c3 bxc3 18. bxc3 Nb5 19. Qc1 Qc7 20. Qb2 Rb8 21. Rab1 Rfc8 22. a4 Nxc3 23. Qxc3 Qxc3 24. Bxc3 Rxb1 25. Rxb1 Rxc3 26. Rb8+ Bf8 27. Ra8 Rc1+ 28. Bf1 Rc5 29. Bxa6 Rxd5 30. Bb5 Rd1+ 31. Kg2 d5 32. a5 g6 33. a6 Kg7 34. Rc8 Ra1 35. Rc7 Ra2 36. Be8 Rxa6 37. Bxf7 Kf6 38. Bxd5 Be7 39. Rc8 Rd6 1/2-1/2

[Event "Buryatia-ch"]
[Site "Ulan-Ude"]
[Date "2013.01.04"]
[Round "4"]
[White "Angarov, Dmitriy"]
[Black "Khaptaev, Anatoli"]
[Result "0-1"]
[WhiteElo "1933"]
[BlackElo "2110"]
[PlyCount "96"]
[EventDate "2013.01.02"]
[EventType "swiss"]
[EventRounds "9"]
[EventCountry "RUS"]
[SourceTitle "CBM 152 Extra"]
[Source "ChessBase"]
[SourceDate "2013.02.25"]
[SourceVersion "1"]
[SourceVersionDate "2013.02.25"]
[SourceQuality "1"]

1. e4 e6 2. d4 d5 3. Nc3 Nf6 4. e5 Nfd7 5. f4 c5 6. Nf3 Nc6 7. Be3 a6 8. Qd2 b5 9. Nd1 b4 10. Be2 a5 11. 0-0 Ba6 12. Bxa6 Rxa6 13. f5 cxd4 14. Nxd4 Nxd4 15. Bxd4 Bc5 16. Bxc5 Nxc5 17. Ne3 Qb6 18. Kh1 Ne4 19. Qe2 Ra7 20. fxe6 Qxe6 21. Qb5+ Rd7 22. Rad1 0-0 23. Rxd5 Rxd5 24. Qxd5 Qxd5 25. Nxd5 Re8 26. Nf4 Rxe5 27. Nd3 Rd5 28. Rf4 Nd6 29. Kg1 g5 30. Rf3 f5 31. Re3 Kf7 32. Re5 Rb5 33. Kf2 Kf6 34. Rxb5 Nxb5 35. Ke3 h5 36. Ne1 Ke6 37. Nf3 f4+ 38. Ke4 Nd6+ 39. Kd3 g4 40. Nd4+ Kd5 41. c3 bxc3 42. bxc3 Nc4 43. Ne2 Ne5+ 44. Kd2 Ke4 45. g3 f3 46. Nf4 h4 47. Ke1 hxg3 48. hxg3 Nd3+ 0-1

[Event "Buryatia-ch"]
[Site "Ulan-Ude"]
[Date "2012.09.28"]
[Round "7"]
[White "Angarov, Dmitriy"]
[Black "Andreev, Afrikan"]
[Result "0-1"]
[WhiteElo "1912"]
[BlackElo "2220"]
[PlyCount "88"]
[EventDate "2012.09.22"]
[EventType "swiss"]
[EventRounds "9"]
[EventCountry "RUS"]
[SourceTitle "CBM 150 Extra"]
[Source "ChessBase"]
[SourceDate "2012.10.19"]
[SourceVersion "1"]
[SourceVersionDate "2012.10.19"]
[SourceQuality "1"]

1. e4 e6 2. d4 d5 3. Nc3 dxe4 4. Nxe4 Nf6 5. Bg5 Be7 6. Bxf6 gxf6 7. Nf3 a6 8. g3 b5 9. Bg2 Bb7 10. Nc3 Nd7 11. 0-0 Nb6 12. Re1 b4 13. Ne2 Nd5 14. Qd2 Qd6 15. c4 bxc3 16. bxc3 Nb6 17. Rab1 Be4 18. Rbc1 0-0-0 19. c4 Qb4 20. c5 Nd5 21. a3 Qxd2 22. Nxd2 Bxg2 23. Kxg2 f5 24. Rc4 Bf6 25. Rb1 Kd7 26. Ra4 Rb8 27. Rxb8 Rxb8 28. Nc4 Kc6 29. Ra5 Ne7 30. Ne3 Rb2 31. Kf3 Kb7 32. Ra4 Nc6 33. Nc4 Rb3+ 34. Kf4 Rd3 35. Ne5 Rxd4+ 36. Nxd4 Bxe5+ 37. Kg5 Bxd4 38. f4 Bg7 39. Rc4 Nd4 40. Rc3 Kc6 41. g4 h6+ 42. Kh5 fxg4 43. Kxg4 Nf5 44. Rc1 Bb2 0-1

[Event "Buryatia-ch"]
[Site "Ulan-Ude"]
[Date "2012.09.26"]
[Round "5"]
[White "Dondukov, Sengdorji"]
[Black "Angarov, Dmitriy"]
[Result "0-1"]
[WhiteElo "2356"]
[BlackElo "1912"]
[PlyCount "84"]
[EventDate "2012.09.22"]
[EventType "swiss"]
[EventRounds "9"]
[EventCountry "RUS"]
[SourceTitle "CBM 150 Extra"]
[Source "ChessBase"]
[SourceDate "2012.10.19"]
[SourceVersion "1"]
[SourceVersionDate "2012.10.19"]
[SourceQuality "1"]

1. Nf3 Nf6 2. c4 c5 3. g3 Nc6 4. Bg2 e5 5. Nc3 Be7 6. 0-0 0-0 7. Ne1 a6 8. Nc2 Rb8 9. Ne3 b5 10. d3 Nd4 11. b3 d6 12. Ncd5 Nxd5 13. Nxd5 Bg4 14. f3 Be6 15. e3 Nc6 16. f4 exf4 17. gxf4 Bxd5 18. Bxd5 Bf6 19. Rb1 Ne7 20. Be4 g6 21. Bd2 Qd7 22. Qf3 Bg7 23. f5 gxf5 24. Bxf5 Qxf5 25. Qxf5 Nxf5 26. Rxf5 Be5 27. Kf2 Bxh2 28. Rg5+ Kh8 29. Rh1 Be5 30. Rgh5 Kg7 31. Rxh7+ Kf6 32. Ba5 bxc4 33. dxc4 Rg8 34. Kf3 Rg3+ 35. Ke4 Ke6 36. R1h6+ f6 37. Ra7 Rbg8 38. Rxa6 R8g4+ 39. Kd3 Bf4 40. Rh1 Rxe3+ 41. Kc2 Rg2+ 42. Kb1 Be5 0-1

[Event "Ulan-Ude op"]
[Site "Ulan-Ude"]
[Date "2012.07.29"]
[Round "8"]
[White "Alexeev, Bayskhalan"]
[Black "Angarov, Dmitriy"]
[Result "1/2-1/2"]
[WhiteElo "1944"]
[BlackElo "1912"]
[PlyCount "94"]
[EventDate "2012.07.24"]
[EventType "swiss"]
[EventRounds "9"]
[EventCountry "RUS"]
[SourceTitle "EXT 2013"]
[Source "ChessBase"]
[SourceDate "2012.11.22"]
[SourceVersion "1"]
[SourceVersionDate "2012.11.22"]
[SourceQuality "1"]

1. d4 Nf6 2. Nf3 c5 3. c3 e6 4. Bg5 h6 5. Bh4 b6 6. e3 Bb7 7. Nbd2 Be7 8. h3 Ne4 9. Nxe4 Bxe4 10. Bg3 0-0 11. Bd3 Bxd3 12. Qxd3 d5 13. 0-0 Nc6 14. Rfd1 c4 15. Qe2 f5 16. Ne5 Nxe5 17. dxe5 Kh7 18. f3 Bc5 19. b4 cxb3 20. axb3 f4 21. Bf2 Qg5 22. exf4 Bxf2+ 23. Kxf2 Rxf4 24. g3 Rf5 25. h4 Qh5 26. f4 Qxe2+ 27. Kxe2 g5 28. hxg5 hxg5 29. Ke3 a5 30. c4 dxc4 31. Rd7+ Kg8 32. bxc4 Rc8 33. Ra4 gxf4+ 34. gxf4 Rcf8 35. Rd4 Rh5 36. Ra2 Rh3+ 37. Ke4 Rc3 38. Rg2+ Kf7 39. Rd7+ Ke8 40. Rc7 Kd8 41. Rgg7 Rc1 42. Rcd7+ Kc8 43. Rc7+ Kb8 44. Rb7+ Kc8 45. Ra7 Kb8 46. Rgb7+ Kc8 47. Rc7+ Kb8 1/2-1/2